Κατάλογος Βιβλιοθηκών Mediterranean College

Mastering Finance and Accounting (Record no. 541)

MARC details
000 -LEADER
fixed length control field 01227cam a22001934a 4500
005 - ΗΜΕΡΟΜΗΝΙΑ ΚΑΙ ΩΡΑ ΤΕΛΕΥΤΑΙΑΣ ΕΝΗΜΕΡΩΣΗΣ
Πεδίο ελέγχου 20250605163938.0
008 - FIXED-LENGTH DATA ELEMENTS--GENERAL INFORMATION
Πεδίο ελέγχου σταθερού μήκους 250528s ||||||||||||||||||||||||d
035 ## - SYSTEM CONTROL NUMBER
System control number 14931
020 ## - ISBN
ISBN 77078330
040 ## - ΠΗΓΗ ΚΑΤΑΛΟΓΟΓΡΑΦΗΣΗΣ
Φορέας πρωτότυπης καταλογογράφησης MC Athens Campus Library
Γλώσσα καταλογογράφησης Ελληνικά, Μοντέρνα (1453-)
Modifying agency MC Athens Campus Library
Κανόνες περιγραφικής καταλογογράφησης AACR2
245 1# - ΤΙΤΛΟΣ ΚΑΙ ΔΗΛΩΣΗ ΥΠΕΥΘΥΝΟΤΗΤΑΣ
Τίτλος Mastering Finance and Accounting
260 ## - PUBLICATION, DISTRIBUTION, ETC.
Name of publisher, distributor, etc. Mcgraw Hill Book Company,
Date of publication, distribution, etc. 1994
300 ## - PHYSICAL DESCRIPTION
Extent 388
520 ## - SUMMARY, ETC.
Summary, etc. A unique, comprehensive text that covers the elements of accounting, cost and management accountancy and business financing. Preface, Accounting, The Fundamentals, Writing the Book, Reading the Book, Developing the Story, Accountancy - A Creative Exercise, Presenting Accounts, Interpreting Accounts and Judging Performance, Accounting for Cash, Keeping Your Eyes on the Bank, Sharing the Workload, Miscellaneous Matters, Manufacturing Accounts, Consolidation, Financing, Financing a Business, Financing Proposals, Costs and Budgets, Costs are Critical, Direct Costs, Overheads, Cost as an Aid to Decision Making, Accounting, Limited Companies, Cash Flow Statements, Interpretation of Company Accounts by Ratio Analysis, Clubs, Partnerships, Incomplete Records, Index.
700 1# - ΠΡΟΣΘΕΤΗ ΑΝΑΓΡΑΦΗ--ΦΥΣΙΚΟ ΠΡΟΣΩΠΟ
Personal name Farrow David
9 (RLIN) 741
942 ## - ADDED ENTRY ELEMENTS (KOHA)
Koha item type Books
Holdings
Τύπος τεκμηρίου Βιβλιοθήκη Τρέχουσα τοποθεσία Barcode Αριθμός εισαγωγής Ημερομηνία απόκτησης Ταξιθετικό σύμβολο Αριθμός αντιτύπου Κατάσταση απόσυρσης Κατάσταση χαμένου Κατάσταση κατεστραμμένου Μη δανεισμός Σύνολο δανεισμών Ημερομηνία τελευταίας εμφάνισης Η τιμή ισχύει από
Books MC Athens Campus Library MC Athens Campus Library 9780000005403 1155 05/06/2025 657 FAR 1           05/06/2025 05/06/2025

MC Athens Campus Library
Πατησίων 94 & Κοδριγκτώνος 13, 104 34
Πελλήνης 8 & Πατησίων 107, 112 51
Τ: +30 210 8899600

MC Thessaloniki Campus Library
Ίωνος Δραγούμη 21, 54625 | Ίωνος Δραγούμη 15, 54625
Τ: +30 2310 287779 – Τ: +30 2314 440300